| 000 | 00841nam a2200265Ia 4500 | ||
|---|---|---|---|
| 001 | Para_6258 | ||
| 003 | CHAP | ||
| 008 | 220125s1981 xx 000 0 und d | ||
| 010 | _a205001 | ||
| 040 | _cCHAP | ||
| 090 | _aPA FOLLETO 354 | ||
| 100 |
_aCázares Camero, Jaime _9170943 |
||
| 245 |
_aCombate de la pudrición de la mazorca del cacao en el Estado de Tabasco / _c por Jaime Cázares Camero |
||
| 260 |
_aHuimanguillo, Tab. : _b INIA. CIAGOC. Campo Experimental Huimanguillo |
||
| 300 | _a5 p. | ||
| 650 |
_aCacao _x enfermedades _xTabasco _9170944 |
||
| 710 |
_aInstituto Nacional de Investigaciones Agrícolas (México) _959316 |
||
| 901 | _aPA FOLLETO 354 | ||
| 902 | _aA | ||
| 905 | _a0000001981 a 0000000000 00 | ||
| 910 | _a1981 | ||
| 942 | _cPARA | ||
| 942 |
_cPARA _d1 |
||
| 999 |
_c205001 _d205001 |
||